Analýza príčin poškodenia ozubeného kolesa = Cause analysis of the domage cogwheel : Diplomová práca

Enregistré dans:
Détails bibliographiques
Auteur principal: Kolenčíková, Marta (Auteur)
Autres auteurs: Hazlinger, Marián, 1957- (xxx)
Format: Manuscrit Livre
Langue:slovaque
Publié: Trnava : STU v Bratislave MTF UMAT, 2009
Sujets:
Tags: Ajouter un tag
Pas de tags, Soyez le premier à ajouter un tag!

MARC

LEADER 00000ntm a22000003a 4500
001 stu180074
005 20160719160126.6
008 090213s2009----xo------------------slo-d
040 |a STU  |b slo 
041 0 |a slo 
044 |a xo 
100 1 |a Kolenčíková, Marta  |4 aut 
245 1 |a Analýza príčin poškodenia ozubeného kolesa = Cause analysis of the domage cogwheel :  |b Diplomová práca 
260 |a Trnava :  |b STU v Bratislave MTF UMAT,  |c 2009 
300 |a 66 s  |c 1 CD-ROM 
500 |a Študijný odbor: 5.2.26 materiály 
500 |a Študijný program: technické materiály 
650 7 |a ozubené kolesá  |2 stusub 
650 7 |a degradačné procesy  |2 stusub 
650 7 |a chemicko-tepelné spracovanie  |2 stusub 
650 7 |a fraktografia  |2 stusub 
700 1 |a Hazlinger, Marián,  |d 1957-  |4 xxx  |u M1000  |U MTF Materiálovotechnologická fakulta  |T MTF Ústav materiálov  |X 289  |U M1000  |Y 81  |7 A000000289 
996 |b 284M069659  |c M*DP-7564  |l MMSKP  |s P  |a 0  |w stu180074_0001